Les plus grandes villes d'Irlande - Statistiques

Statistiques générales
  • Ce quiz a été pris 466 fois
  • Le résultat moyen est 4 sur 10
Statistiques - réponses
Population Villes % Correct
1 079 402 Dublin
100%
194 184 Cork
89%
80 695 Galway
64%
40 169 Limerick
55%
49 710 Waterford
32%
37 046 Dundalk
15%
32 695 Drogheda
14%
32 819 Bray
11%
44 241 Swords
9%
35 611 Navan
6%
Aucun quiz correspondant
Distribution des résultats
% des personnes avec chaque résultat
Percentile par nombre de réponses
Votre historique - résultats
Vous n’avez pas pris ce quiz